[Event "Styrian op U08/12 26th"]
[Site "Mureck"]
[Date "2019.08.06"]
[Round "7"]
[White "Roehrer, Moritz"]
[Black "Klopf, Richard"]
[Result "1-0"]
[WhiteElo "1287"]
[BlackElo "985"]
[PlyCount "79"]
[EventDate "2019.07.31"]
[EventType "swiss"]
[EventRounds "9"]
[EventCountry "AUT"]
[SourceTitle "EXT 2020"]
[Source "ChessBase"]
[SourceDate "2019.10.17"]
[SourceVersion "1"]
[SourceVersionDate "2019.10.17"]
[SourceQuality "1"]

1. e4 e5 2. Nf3 Nc6 3. Bb5 Bc5 4. 0-0 a6 5. Bxc6 dxc6 6. Nxe5 Qd4 7. Nf3 Qd8 8. Nc3 Bg4 9. h3 Bh5 10. d3 Nf6 11. Be3 Ba7 12. Bg5 h6 13. Bh4 Rg8 14. g4 g5 15. Bg3 Bg6 16. Re1 Qd7 17. d4 0-0-0 18. Be5 Ne8 19. d5 cxd5 20. Nxd5 h5 21. Bf6 Nxf6 22. Nxf6 Qxd1 23. Raxd1 Rxd1 24. Rxd1 Rd8 25. Rxd8+ Kxd8 26. gxh5 Ke7 27. hxg6 Kxf6 28. gxf7 Kxf7 29. Nxg5+ Kf6 30. h4 Bd4 31. b3 c5 32. Kg2 Ke5 33. Nf3+ Kxe4 34. Nxd4 cxd4 35. h5 Kf5 36. f4 b5 37. Kf3 b4 38. Ke2 Kf6 39. Kd3 Kg7 40. f5 1-0

[Event "Styrian op U08/12 26th"]
[Site "Mureck"]
[Date "2019.08.05"]
[Round "6"]
[White "Klopf, Richard"]
[Black "Schwarz, Felix1111"]
[Result "1/2-1/2"]
[WhiteElo "985"]
[BlackElo "1229"]
[PlyCount "61"]
[EventDate "2019.07.31"]
[EventType "swiss"]
[EventRounds "9"]
[EventCountry "AUT"]
[SourceTitle "EXT 2020"]
[Source "ChessBase"]
[SourceDate "2019.10.17"]
[SourceVersion "1"]
[SourceVersionDate "2019.10.17"]
[SourceQuality "1"]

1. e4 e6 2. d4 d5 3. exd5 exd5 4. Nc3 Bf5 5. Bf4 Bd6 6. Bg3 Nf6 7. Bd3 Bxd3 8. Qxd3 0-0 9. Nf3 Re8+ 10. Ne2 Qe7 11. Bh4 Nbd7 12. Rd1 Qe4 13. Ng5 Qxd3 14. Rxd3 h6 15. Nf3 Be7 16. 0-0 Ne4 17. Re1 Bxh4 18. Nxh4 Nef6 19. Nf3 Re7 20. Nc3 Rxe1+ 21. Nxe1 Re8 22. Nf3 c6 23. h3 Ne4 24. Re3 Nef6 25. Rxe8+ Nxe8 26. Kf1 Kf8 27. Ke2 Ke7 28. Ke3 Ndf6 29. Ne5 Nd7 30. Nxd7 Kxd7 31. Kf4 1/2-1/2

[Event "EU Union-ch U08 15th"]
[Site "Mureck"]
[Date "2017.08.02"]
[Round "1"]
[White "Klopf, Richard"]
[Black "Kienboeck, Samuel"]
[Result "1-0"]
[WhiteElo "1003"]
[BlackElo "1070"]
[PlyCount "55"]
[EventDate "2017.08.02"]
[EventType "swiss"]
[EventRounds "9"]
[EventCountry "AUT"]
[SourceTitle "CBM 180 Extra"]
[Source "ChessBase"]
[SourceDate "2017.10.06"]
[SourceVersion "1"]
[SourceVersionDate "2017.10.06"]
[SourceQuality "1"]

1. e4 e5 2. Nf3 Nc6 3. Bc4 Be7 4. d3 f6 5. Nc3 d5 6. exd5 Nd4 7. Nxd4 exd4 8. Nb5 Bb4+ 9. Bd2 Bc5 10. 0-0 a6 11. Na3 b5 12. Bb3 a5 13. Nxb5 a4 14. Bc4 Ba6 15. Re1+ Be7 16. Nxd4 Bxc4 17. dxc4 a3 18. bxa3 Rxa3 19. Nb5 Ra4 20. Qe2 Ra6 21. Bf4 c6 22. Nc7+ Kf8 23. Nxa6 Qb6 24. c5 Bxc5 25. Rab1 Qa7 26. Nxc5 cxd5 27. Rb8+ Qxb8 28. Bxb8 1-0

[Event "AUT-ch U08"]
[Site "St Kanzian"]
[Date "2017.06.16"]
[Round "1.3"]
[White "Dichtl, Maximilian"]
[Black "Klopf, Richard"]
[Result "0-1"]
[WhiteElo "822"]
[BlackElo "1057"]
[PlyCount "26"]
[EventDate "2017.06.16"]
[EventType "swiss"]
[EventRounds "7"]
[EventCountry "AUT"]
[SourceTitle "EXT 2024"]
[Source "ChessBase"]
[SourceDate "2023.10.10"]
[SourceVersion "1"]
[SourceVersionDate "2023.10.10"]
[SourceQuality "1"]

1. Nf3 Nc6 2. Nc3 e5 3. e4 Nf6 4. Bc4 Bc5 5. d3 d6 6. Ng5 0-0 7. 0-0 Bg4 8. Qd2 h6 9. Nxf7 Rxf7 10. Bxf7+ Kxf7 11. h3 Bh5 12. Nd5 Nxd5 13. exd5 b6 0-1

[Event "Styrian op U08/10 23nd"]
[Site "Mureck"]
[Date "2016.08.08"]
[Round "6.4"]
[White "Lackner, Simon"]
[Black "Klopf, Richard"]
[Result "1-0"]
[WhiteElo "800"]
[BlackElo "800"]
[PlyCount "124"]
[EventDate "2016.08.03"]
[EventType "swiss"]
[EventRounds "9"]
[EventCountry "AUT"]
[SourceTitle "EXT 2024"]
[Source "ChessBase"]
[SourceDate "2023.10.10"]
[SourceVersion "1"]
[SourceVersionDate "2023.10.10"]
[SourceQuality "1"]

1. e4 e5 2. Nf3 Nc6 3. Bb5 a6 4. Bxc6 dxc6 5. d3 Bb4+ 6. Bd2 Bxd2+ 7. Nbxd2 Nf6 8. Nxe5 0-0 9. Nef3 Bg4 10. Qe2 Re8 11. 0-0 Qd7 12. Rae1 Rad8 13. Qe3 c5 14. h3 Bxf3 15. Nxf3 b5 16. Ng5 h6 17. Nf3 Qe6 18. a4 Qa2 19. b3 Qxc2 20. Nd2 Rxd3 21. Rc1 Rxe3 22. Rxc2 Re2 23. Rfc1 Nxe4 24. Nxe4 R8xe4 25. Rxe2 Rxe2 26. Kf1 Rb2 27. Rc3 Rb1+ 28. Ke2 Rb2+ 29. Ke1 f6 30. Rf3 h5 31. axb5 axb5 32. Rc3 c4 33. bxc4 Rb1+ 34. Kd2 bxc4 35. Rxc4 Rb2+ 36. Ke3 Rb3+ 37. Ke2 Rb7 38. Kf3 Rb3+ 39. Kf4 Rb2 40. Kf3 g5 41. g4 Rb3+ 42. Kg2 Rb7 43. Kg3 Kf7 44. f4 gxf4+ 45. Kxf4 Ke6 46. Rc6+ Kd7 47. Rxf6 Rb4+ 48. Kf5 Rb5+ 49. Kf4 Rb6 50. Kf5 Rb5+ 51. Kf4 Rb6 52. Rf5 Rb4+ 53. Kg3 Rb1 54. Rxh5 Rb6 55. h4 c5 56. Rxc5 Rb4 57. Rh5 Rb3+ 58. Kf4 Rb6 59. g5 Rb4+ 60. Kg3 Rb3+ 61. Kg4 Rb2 62. Rh7+ Kc6 1-0

[Event "Styrian op U08/10 23nd"]
[Site "Mureck"]
[Date "2016.08.06"]
[Round "4.2"]
[White "Aurich, Marvin"]
[Black "Klopf, Richard"]
[Result "0-1"]
[WhiteElo "955"]
[BlackElo "800"]
[PlyCount "52"]
[EventDate "2016.08.03"]
[EventType "swiss"]
[EventRounds "9"]
[EventCountry "AUT"]
[SourceTitle "EXT 2024"]
[Source "ChessBase"]
[SourceDate "2023.10.10"]
[SourceVersion "1"]
[SourceVersionDate "2023.10.10"]
[SourceQuality "1"]

1. d4 d5 2. c4 dxc4 3. e4 Nf6 4. Bxc4 Bg4 5. Nf3 Nc6 6. Nc3 e6 7. 0-0 Bb4 8. a3 Bxc3 9. bxc3 0-0 10. Bg5 h6 11. Bxf6 Qxf6 12. Be2 Rad8 13. Rb1 Na5 14. Rb5 b6 15. h3 Bxf3 16. Bxf3 Nc4 17. Rb4 Nxa3 18. Ra4 Nb5 19. Rb4 Nxc3 20. Qd2 c5 21. Rc4 cxd4 22. Re1 b5 23. Rc5 Ra8 24. e5 Qd8 25. Rxb5 Nxb5 26. Bxa8 Qxa8 0-1